000 00216nam a22000857a 4500
008 161112b xxu||||| |||| 00| 0 eng d
100 _91177
_aBPI India
245 _aBalan the Baby Bat
260 _aNew Delhi
_bBPI India
_c2011
999 _c3856
_d3856